| 000 | 01104nam a2200301Ia 4500 | ||
|---|---|---|---|
| 001 | dia_1634 | ||
| 003 | CHAP | ||
| 005 | 20230502123137.0 | ||
| 008 | 220117s1975 xx 000 0 und d | ||
| 010 | _a176724 | ||
| 040 | _cCHAP | ||
| 082 | _a635 C46 1975 | ||
| 110 |
_aCentro de Investigaciones Agrícolas del Noreste _9159400 |
||
| 245 |
_aInforme de investigación agrícola : hortalizas / _c Centro de Investigaciones Agrícolas del Noreste, Instituto Nacional de Investigaciones Agrícolas |
||
| 260 |
_aMéxico : _b Instituto Nacional de Investigaciones Agrícolas, _c1975 |
||
| 300 | _aiv, 223 p. | ||
| 504 | _aIncluye bibliografías | ||
| 590 | _aTP443 C46 1945 | ||
| 650 |
_aHorticultura _956291 |
||
| 650 |
_aHorticulture _9154333 |
||
| 650 |
_aVegetables _9151808 |
||
| 650 |
_aVegetales _9151360 |
||
| 710 |
_aCentro de Investigaciones Agrícolas del Noreste, Instituto Nacional de Investigaciones Agrícolas (México) _9159401 |
||
| 901 | _a635 C46 1975 | ||
| 902 | _aA | ||
| 905 | _a5232271975 mx abmn8223223322spa16 | ||
| 942 |
_cLIBRO _2ddc |
||
| 999 |
_c176724 _d176724 |
||